000
00313nam a2200121Ia 4500
008
180205s9999 xx 000 0 und d
020
_a
9780566087721
100
_a
Lock, Dennis
245
_a
Project Management /
250
_a
9th ed
260
_a
USA :
_b
Gower publishing company
_c
2007
300
_a
xi, 520 pages
999
_c
354650
_d
354650